[SPA] La casa - Statistiques

Statistiques générales
  • Ce quiz a été pris 22 fois
  • Le résultat moyen est 7 sur 17
Statistiques - réponses
Francés Español % Correct
La cuisine La cocina
88%
La porte La puerta
82%
Le jardin El jardìn
71%
Le salon El salòn
71%
La salle de bain La sala de baño / El cuarto de baño / El baño
71%
Le garage El garaje / La cochera
47%
La fenêtre La ventana
47%
Les escaliers Las escaleras
41%
La salle à manger El comedor / La sala de estar /
35%
La chambre La càmara / El Cuarto
35%
La terrasse La terraza
35%
Le balon El balcòn
24%
Les toilettes El baño
24%
Le portail El portal / El pòrtico
18%
Le grenier El àtico / El desvàn
12%
La cave La bodega / El sòtano
12%
Le pallier El paliarlo
6%
Aucun quiz correspondant
Distribution des résultats
% des personnes avec chaque résultat
Percentile par nombre de réponses
Votre historique - résultats
Vous n’avez pas pris ce quiz